<?xml version="1.0" encoding="UTF-8"?>
<record
    xmlns:xsi="http://www.w3.org/2001/XMLSchema-instance"
    xsi:schemaLocation="http://www.loc.gov/MARC21/slim http://www.loc.gov/standards/marcxml/schema/MARC21slim.xsd"
    xmlns="http://www.loc.gov/MARC21/slim">

  <leader>00903cam a22002657a 4500</leader>
  <controlfield tag="001">2538787</controlfield>
  <controlfield tag="005">20240219134537.0</controlfield>
  <controlfield tag="008">941205m19401946ii            000 0 urd  </controlfield>
  <datafield tag="010" ind1=" " ind2=" ">
    <subfield code="a">   93939511 </subfield>
  </datafield>
  <datafield tag="040" ind1=" " ind2=" ">
    <subfield code="a">DLC</subfield>
    <subfield code="c">DLC</subfield>
    <subfield code="d">DLC</subfield>
  </datafield>
  <datafield tag="050" ind1="0" ind2="0">
    <subfield code="a">MLCMA 94/1304 (P)</subfield>
  </datafield>
  <datafield tag="082" ind1=" " ind2=" ">
    <subfield code="a">892.73</subfield>
    <subfield code="b">ALI</subfield>
  </datafield>
  <datafield tag="130" ind1="0" ind2=" ">
    <subfield code="a">Arabian nights.</subfield>
    <subfield code="l">Urdu</subfield>
    <subfield code="9">120716</subfield>
  </datafield>
  <datafield tag="245" ind1="1" ind2="0">
    <subfield code="a">Alif lailah va lailah /</subfield>
    <subfield code="c">mutarajjamah, Ab&#x16B;l&#x1E25;asan Man&#x1E63;&#x16B;r.</subfield>
  </datafield>
  <datafield tag="260" ind1=" " ind2=" ">
    <subfield code="a">Dihl&#x12B; :</subfield>
    <subfield code="b">Anjuman Taraqq&#x12B;-yi Urd&#x16B;, Hind,</subfield>
    <subfield code="c">1940-46.</subfield>
  </datafield>
  <datafield tag="300" ind1=" " ind2=" ">
    <subfield code="a">v. 1-4, 6-7 :</subfield>
    <subfield code="c">23 cm.</subfield>
  </datafield>
  <datafield tag="440" ind1=" " ind2="0">
    <subfield code="a">Silsilah-yi mat&#x324;b&#x16B;&#x2BB;&#x101;t-i Anjuman Taraqq&#x12B;-yi Urd&#x16B;, Hind ;</subfield>
    <subfield code="v">151, 167, 1177, 201, 234</subfield>
    <subfield code="9">120717</subfield>
  </datafield>
  <datafield tag="500" ind1=" " ind2=" ">
    <subfield code="a">Stories.</subfield>
  </datafield>
  <datafield tag="500" ind1=" " ind2=" ">
    <subfield code="a">Translated from Arabic.</subfield>
  </datafield>
  <datafield tag="500" ind1=" " ind2=" ">
    <subfield code="a">Complete in 7 v.; LC does not have vols. 6.</subfield>
  </datafield>
  <datafield tag="700" ind1="1" ind2=" ">
    <subfield code="a">Mansur, Abulhasan.</subfield>
    <subfield code="9">120718</subfield>
  </datafield>
  <datafield tag="906" ind1=" " ind2=" ">
    <subfield code="a">7</subfield>
    <subfield code="b">cbc</subfield>
    <subfield code="c">orignew</subfield>
    <subfield code="d">u</subfield>
    <subfield code="e">ncip</subfield>
    <subfield code="f">19</subfield>
    <subfield code="g">y-gencatlg</subfield>
  </datafield>
  <datafield tag="942" ind1=" " ind2=" ">
    <subfield code="2">ddc</subfield>
    <subfield code="c">BK</subfield>
  </datafield>
  <datafield tag="999" ind1=" " ind2=" ">
    <subfield code="c">523273</subfield>
    <subfield code="d">523273</subfield>
  </datafield>
  <datafield tag="952" ind1=" " ind2=" ">
    <subfield code="0">0</subfield>
    <subfield code="1">0</subfield>
    <subfield code="2">ddc</subfield>
    <subfield code="4">0</subfield>
    <subfield code="7">0</subfield>
    <subfield code="a">CL</subfield>
    <subfield code="b">CL</subfield>
    <subfield code="d">2019-01-25</subfield>
    <subfield code="h">Vol.4</subfield>
    <subfield code="m">1</subfield>
    <subfield code="o">892.73 ALI</subfield>
    <subfield code="p">NIT-9809</subfield>
    <subfield code="r">2021-01-25</subfield>
    <subfield code="w">2019-01-25</subfield>
    <subfield code="y">BK</subfield>
  </datafield>
  <datafield tag="952" ind1=" " ind2=" ">
    <subfield code="0">0</subfield>
    <subfield code="1">0</subfield>
    <subfield code="2">ddc</subfield>
    <subfield code="4">0</subfield>
    <subfield code="7">0</subfield>
    <subfield code="a">CL</subfield>
    <subfield code="b">CL</subfield>
    <subfield code="c">LIT</subfield>
    <subfield code="d">2024-02-19</subfield>
    <subfield code="h">Vol.5</subfield>
    <subfield code="l">0</subfield>
    <subfield code="o">892.73 ALI</subfield>
    <subfield code="p">NIT-9794</subfield>
    <subfield code="r">2024-02-19</subfield>
    <subfield code="w">2024-02-19</subfield>
    <subfield code="y">BK</subfield>
  </datafield>
  <datafield tag="952" ind1=" " ind2=" ">
    <subfield code="0">0</subfield>
    <subfield code="1">0</subfield>
    <subfield code="2">ddc</subfield>
    <subfield code="4">0</subfield>
    <subfield code="7">0</subfield>
    <subfield code="a">CL</subfield>
    <subfield code="b">CL</subfield>
    <subfield code="c">LIT</subfield>
    <subfield code="d">2024-02-19</subfield>
    <subfield code="h">Vol.6</subfield>
    <subfield code="l">0</subfield>
    <subfield code="o">892.73 ALI</subfield>
    <subfield code="p">NIT-9796</subfield>
    <subfield code="r">2024-02-19</subfield>
    <subfield code="w">2024-02-19</subfield>
    <subfield code="y">BK</subfield>
  </datafield>
  <datafield tag="952" ind1=" " ind2=" ">
    <subfield code="0">0</subfield>
    <subfield code="1">0</subfield>
    <subfield code="2">ddc</subfield>
    <subfield code="4">0</subfield>
    <subfield code="7">0</subfield>
    <subfield code="a">CL</subfield>
    <subfield code="b">CL</subfield>
    <subfield code="c">LIT</subfield>
    <subfield code="d">2024-02-19</subfield>
    <subfield code="h">Vol.1</subfield>
    <subfield code="l">1</subfield>
    <subfield code="o">892.73 ALI</subfield>
    <subfield code="p">NIT-9813</subfield>
    <subfield code="r">2025-01-10</subfield>
    <subfield code="s">2024-11-19</subfield>
    <subfield code="w">2024-02-19</subfield>
    <subfield code="y">BK</subfield>
  </datafield>
  <datafield tag="952" ind1=" " ind2=" ">
    <subfield code="0">0</subfield>
    <subfield code="1">0</subfield>
    <subfield code="2">ddc</subfield>
    <subfield code="4">0</subfield>
    <subfield code="7">0</subfield>
    <subfield code="a">CL</subfield>
    <subfield code="b">CL</subfield>
    <subfield code="c">LIT</subfield>
    <subfield code="d">2024-02-19</subfield>
    <subfield code="h">Vol.7</subfield>
    <subfield code="l">0</subfield>
    <subfield code="o">892.73 ALI</subfield>
    <subfield code="p">NIT-9790</subfield>
    <subfield code="r">2024-02-19</subfield>
    <subfield code="w">2024-02-19</subfield>
    <subfield code="y">BK</subfield>
  </datafield>
  <datafield tag="952" ind1=" " ind2=" ">
    <subfield code="0">0</subfield>
    <subfield code="1">0</subfield>
    <subfield code="2">ddc</subfield>
    <subfield code="4">0</subfield>
    <subfield code="7">0</subfield>
    <subfield code="a">CL</subfield>
    <subfield code="b">CL</subfield>
    <subfield code="c">LIT</subfield>
    <subfield code="d">2024-02-19</subfield>
    <subfield code="h">Vol.3</subfield>
    <subfield code="l">0</subfield>
    <subfield code="o">892.73 ALI</subfield>
    <subfield code="p">CL-E-1952</subfield>
    <subfield code="r">2024-02-19</subfield>
    <subfield code="w">2024-02-19</subfield>
    <subfield code="y">BK</subfield>
  </datafield>
</record>
